000 00439nmm a2200145Ia 4500
008 251105s9999||||xx |||||||||||||||||und||
041 _aspa
100 _aEchavarren, Roberto
245 0 _aEl caballo amarillo. Poemas 2005 - 2023
264 _a[Santiago de Chile, Chile] :
_bRil editores,
_c2024
300 _a163 páginas
650 _aLatin American poetry
856 _uhttps://public.digitaliapublishing.com/a/172371
942 _cCF
999 _c106908
_d106908